Predbazovaja obrabotka informacii
Salvato in:
| Autore principale: | |
|---|---|
| Altri autori: | , |
| Natura: | Libro |
| Lingua: | russo |
| Pubblicazione: |
Moskva
Finansy i statistika
1981
|
| Tags: |
Nessun Tag, puoi essere il primo ad aggiungerne!!
|
MARC
| LEADER | 00000nam a2200000 4500 | ||
|---|---|---|---|
| 001 | c130968 | ||
| 005 | 20041019155251.0 | ||
| 041 | 0 | |a rus | |
| 044 | |a RU | ||
| 245 | 1 | 0 | |a Predbazovaja obrabotka informacii |c Aleksandr Sergejevič Dvoreckij, Igor Vadimovič Ditrich, Vladimir Aleksejevič Jastrebov |
| 264 | 1 | |a Moskva |b Finansy i statistika |c 1981 | |
| 300 | |a 197 s. | ||
| 100 | 1 | |a Dvoreckij, Aleksandr Sergejevič | |
| 700 | 1 | |a Ditrich, Igor Vadimovič | |
| 700 | 1 | |a Jastrebov, Vladimir Aleksejevič | |